Marine pollution problems and remedies

Gardado en:
Detalles Bibliográficos
Autor Principal: Schachter, Oscar
Formato: Libro
Idioma:Undetermined
Publicado: New York United Nations Plaza Press 1970
Những chủ đề:
Các nhãn: Engadir etiqueta
Sen Etiquetas, Sexa o primeiro en etiquetar este rexistro!
Thư viện lưu trữ: Trung tâm Học liệu Trường Đại học Cần Thơ
LEADER 00519nam a2200181Ia 4500
001 CTU_81508
008 210402s9999 xx 000 0 und d
082 |a 628.1 
082 |b S291 
100 |a Schachter, Oscar 
245 0 |a Marine pollution problems and remedies 
245 0 |c Oscar Schachter 
260 |a New York 
260 |b United Nations Plaza Press 
260 |c 1970 
650 |a Law and legislation,Marine pollution 
904 |i Trọng Hải 
980 |a Trung tâm Học liệu Trường Đại học Cần Thơ